000 00571 a2200169 4500
020 _a3527407006
020 _a9783527407002
082 _a539.7
090 _c1187
_d1187
100 1 _aPrussin, Stanley G.
245 1 0 _aNuclear physics for applications :
_ba model approach /
_cStanley G. Prussin.
260 _a[S.l.] :
_bWiley-VCH,
_c2007.
300 _a650 p. ;
_c25 cm.
700 _aPrussin, Stanley G.
942 _aSNS
_cBK
_k539.7 PRU
999 _c29800
_d29800